000 00748nam a2200205 a 4500
001 000009902
005 20240412074213.0
008 091002s2003 dr 000 p spa d
020 _a9993490075
040 _aDO-SdBNP
_bspa
_cBNPHU
082 _aRD861.44
_bM244L
100 1 _aMaldonado Rolón, Bienvenido,
_d1951-
_924836
245 1 0 _aLibro del amor :
_bpoesías, sentimientos y mensajes para toda ocación /
_cBienvenido Maldonado Rolón ; editor de texto Luis A. Hernández Villaronga.
260 _aSanto Domingo :
_bLetra Gráfica,
_c2003.
300 _a95 p. ;
_c22 cm.
590 _aInventariado, 2018/LP
650 0 _aPoesía dominicana
_966
650 0 _aLiteratura dominicana.
_967
700 1 _aHernández Villaronga, Luis A.,
_eed.
_924837
999 _c9661
_d9661